20 vragen over van alles en nog wat - Quiz 12 - Statistieken

Algemene statistieken
  • Deze quiz is 6 keer genomen
  • De gemiddelde score is 13 van 20
Antwoordstatistieken
Hint Antwoord % Correct
Noem de belangrijkste geallieerde landen van WO II Canada
100%
Noem de landen van de Asmogendheden in WO II Duitsland
100%
Noem de landen van de Asmogendheden in WO II Italië
100%
Noem de landen van de Asmogendheden in WO II Japan
100%
Noem de belangrijkste geallieerde landen van WO II (Tweede Wereld Oorlog) Verenigde Staten
100%
Noem de belangrijkste geallieerde landen van WO II Frankrijk
83%
Waar ligt deze marinebasis Hawaii
83%
Welke zeevaarders uit een Europees land ontdekten ze noem het land Spanje
83%
Noem twee landen met een Z die neutraal waren in de WO II Zwitserland
83%
Noem de belangrijkste geallieerde landen van WO II China
67%
Welke marinebasis vielen de Japanners aan in 1941 Pearl Harbor
67%
Noem twee landen met een Z die neutraal waren in de WO II Zweden
67%
Noem de belangrijkste geallieerde landen van WO II Australië
50%
Noem de belangrijkste geallieerde landen van WO II Groot-Brittannië
50%
Wat is de hoofdstad daar weer van Honolulu
50%
Waar is van orgine de cacaoboon ontdekt Mexico
50%
Noem de belangrijkste geallieerde landen van WO II Sovjet-Unie
50%
Noem de belangrijkste geallieerde landen van WO II India
33%
Welke zeevaarders ontdekten noem de naam van de bewoners van dat land Spanjaarden
17%
Hoe heette deze hoofdstad vroeger Lahaina
0%
Geen overeenkomende quizzen gevonden
Scoreverdeling
Procent van Mensen met Elke Score
Percentiel versus Aantal Correcte Antwoorden
Uw Scoregeschiedenis
U heeft deze quiz nog niet genomen